000 00433nam a2200181Ia 4500
008 221030s9999 xx 000 0 und d
020 _a8178085720
041 _aEnglish
082 _a105.23
_bHer
100 _aP. Hersey
245 0 _aManagement of Organizational Behaviour
250 _a8th
260 _bPearson Education
_aDelhi
_c2005
300 _a516
650 _aManagement
700 _aK. H. Blanchard
942 _cBK
999 _c2004
_d2004